Multifunctionality <the> policy implications

Salvato in:
Dettagli Bibliografici
Natura: Libro
Lingua:inglese
Pubblicazione: Paris OECD 2003
Soggetti:
Tags: Aggiungi Tag
Nessun Tag, puoi essere il primo ad aggiungerne!!

MARC

LEADER 00000nam$a2200000$$$4500
001 0020704
005 20240315120934.8
020 |a 92-64-10451-8 
041 0 |a eng 
044 |a FR 
245 1 0 |a Multifunctionality  |b <the> policy implications 
264 1 |a Paris  |b OECD  |c 2003 
300 |a 106 s. 
610 2 0 |a poľnohospodárstvo 
610 2 0 |a politika poľnohospodárska 
610 2 0 |a efektívnosť 
610 2 0 |a benchmarking 
610 2 0 |a statky verejné 
610 2 0 |a OECD